A promised land/ (Record no. 31610)

000 -LEADER
fixed length control field 00536nam a2200145 4500
008 - FIXED-LENGTH DATA ELEMENTS--GENERAL INFORMATION
fixed length control field 230619b |||||||| |||| 00| 0 eng d
020 ## - INTERNATIONAL STANDARD BOOK NUMBER
International Standard Book Number 9780241491515
050 ## - LIBRARY OF CONGRESS CALL NUMBER
Classification number E 908 .O23 2020
100 ## - MAIN ENTRY--PERSONAL NAME
Personal name Obama, Barrack
245 ## - TITLE STATEMENT
Title A promised land/
Statement of responsibility, etc. Barack Obama
260 ## - PUBLICATION, DISTRIBUTION, ETC. (IMPRINT)
Place of publication, distribution, etc. UK:
Name of publisher, distributor, etc. Viking,
Date of publication, distribution, etc. 2020.
300 ## - PHYSICAL DESCRIPTION
Extent xvi, 751 pages, 32 unnumbered pages of plates :
Other physical details illustrations (chiefly colour), portraits (chiefly colour) ;
Dimensions 25 cm
650 ## - SUBJECT ADDED ENTRY--TOPICAL TERM
Topical term or geographic name as entry element Non-fiction
Source of heading or term Obama Barack Hussein II
942 ## - ADDED ENTRY ELEMENTS (KOHA)
Source of classification or shelving scheme
Classification part E 908 .O23 2020
Koha item type Hard Covered Materials
Holdings
Withdrawn status Lost status Source of classification or shelving scheme Damaged status Not for loan Home library Current library Shelving location Date acquired Source of acquisition Cost, normal purchase price Full call number Barcode Date last seen Price effective from Koha item type
          MACHAKOS UNIVERSITY LIBRARY MACHAKOS UNIVERSITY LIBRARY Special Collection 26/05/2023 Donation - VC, Prof Joyce Agallo 2500.00 E908 .O23 2020 39395 19/06/2023 19/06/2023 Special Collection
© Machakos University Library, Along The Highway, Machakos Wote Rd, Machakos, Kenya P.O. Box 136 - 90100 Machakos - Kenya

Tel: ( +254 ) 723 805829 OR Fax : 044-20353 OR Email: library@mksu.ac.ke